Faktory úspechu podnikania v oblasti poskytovania stravovacích služieb
Analýza niektorých faktorov ovplyvňujúcich úspešnosť podnikania v oblasti stravovacích služieb. Kľúčové faktory úspechu podniku poskytujúceho stravovacie služby možno rozdeliť na dve hlavné skupiny - individuálne a podnikové. Činitele ovplyvňujúce zraniteľnosť malých podnikov.
Na minha lista:
| Autor principal: | |
|---|---|
| Formato: | Capítulo de Livro |
| Idioma: | eslovaco |
| Assuntos: | |
| Tags: |
Sem tags, seja o primeiro a adicionar uma tag!
|
MARC
| LEADER | 00000naa a2200000 4500 | ||
|---|---|---|---|
| 001 | r024112 | ||
| 005 | 20221205091529.4 | ||
| 041 | 0 | |a slo | |
| 044 | |a SK | ||
| 245 | 1 | 0 | |a Faktory úspechu podnikania v oblasti poskytovania stravovacích služieb |c Drahomíra Mlynková |
| 520 | |a Analýza niektorých faktorov ovplyvňujúcich úspešnosť podnikania v oblasti stravovacích služieb. Kľúčové faktory úspechu podniku poskytujúceho stravovacie služby možno rozdeliť na dve hlavné skupiny - individuálne a podnikové. Činitele ovplyvňujúce zraniteľnosť malých podnikov. | ||
| 610 | 2 | 0 | |a stravovanie spoločné |
| 610 | 2 | 0 | |a služby |
| 610 | 2 | 0 | |a zariadenia stravovacie |
| 610 | 2 | 0 | |a podnikanie |
| 100 | 1 | |a Mlynková, Drahomíra | |